Normal view MARC view

Entry Personal Name

Number of records used in: 1

001 - CONTROL NUMBER

  • control field: 1239013

003 - CONTROL NUMBER IDENTIFIER

  • control field: OSt

005 - DATE AND TIME OF LATEST TRANSACTION

  • control field: 20260511151724.0

008 - FIXED-LENGTH DATA ELEMENTS

  • fixed length control field: 260511|| aca||aabn | a|a d

040 ## - CATALOGING SOURCE

  • Original cataloging agency: OSt
  • Transcribing agency: OSt

100 ## - HEADING--PERSONAL NAME

  • Personal name: Kuplen, Mojca

670 ## - SOURCE DATA FOUND

  • Source citation: Work cat.: (OSt)1672531: Kuplen, Mojca , Kant's Aesthetic Cognitivism :, 2025.
Copyright @ Delhi University Library System